| 000 | 00553nam a22001817a 4500 | ||
|---|---|---|---|
| 005 | 20251108172227.0 | ||
| 008 | 250721s1982 xx 000 0 ara d | ||
| 082 | 1 | 4 | _aط/ق/بول |
| 100 | 1 | _aبول، جون | |
| 245 | 1 | 0 | _aقصة العنكبوت / |
| 264 | 1 |
_aبيروت : _bمكتبة لبنان، _c1982. |
|
| 300 | _a51ص : مص | ||
| 490 | 0 | _aسلسلة ليدي بيرد : التاريخ الطبيعي | |
| 650 | 1 | 7 | _aأدب الأطفال |
| 700 | 1 |
_aالخطيب، أحمد شفيق _eترجمة |
|
| 942 |
_2ddc _cBK |
||
| 999 |
_c73657 _d73657 |
||